[Event "Tuimazy-ch U18"]
[Site "Tuimazy"]
[Date "2019.03.04"]
[Round "7"]
[White "Gafarov, Damir"]
[Black "Farkhutdinov, Danil"]
[Result "1-0"]
[WhiteElo "2005"]
[BlackElo "1367"]
[PlyCount "119"]
[EventDate "2019.03.01"]
[EventType "tourn"]
[EventRounds "11"]
[EventCountry "RUS"]
[SourceTitle "EXT 2022"]
[Source "ChessBase"]
[SourceDate "2021.10.06"]
[SourceVersion "1"]
[SourceVersionDate "2021.10.06"]
[SourceQuality "1"]

1. e4 e6 2. d4 d5 3. Nc3 Bb4 4. Bd2 Nc6 5. a3 Bxc3 6. Bxc3 Nge7 7. e5 Ng6 8. h4 h5 9. Nf3 f6 10. g3 Qe7 11. Bd3 Qf7 12. Qe2 Bd7 13. 0-0-0 0-0-0 14. Kb1 Rdf8 15. Rhf1 Nge7 16. b3 g6 17. Bb2 f5 18. Ng5 Qg7 19. f4 Nd8 20. c4 Nf7 21. Nxf7 Qxf7 22. Qc2 Kb8 23. Ka2 c6 24. b4 Rc8 25. c5 b5 26. cxb6 axb6 27. a4 Kb7 28. Ba3 Ra8 29. Rb1 Rhc8 30. Qb3 b5 31. axb5 cxb5 32. Rfc1 Rxc1 33. Rxc1 Rc8 34. Bb2 Qe8 35. Rc5 Rxc5 36. bxc5 Qa8+ 37. Ba3 Qa4 38. Qxa4 bxa4 39. Bb2 Ng8 40. Ka3 Nh6 41. Kb4 Ng4 42. Bb5 Bxb5 43. Kxb5 Ne3 44. Kxa4 Kc6 45. Bc3 Nc4 46. Be1 Ne3 47. Ka5 Nc4+ 48. Ka6 Nb2 49. Ka7 Nd3 50. Bd2 Nf2 51. Kb8 Ne4 52. Be1 Nxc5 53. dxc5 Kxc5 54. Kc7 d4 55. Bf2 Kd5 56. Bxd4 Kxd4 57. Kd6 Ke4 58. Kxe6 Kf3 59. Kf6 Kxg3 60. Kg5 1-0

[Event "Tuimazy-ch Men"]
[Site "Tuimazy"]
[Date "2017.02.08"]
[Round "10"]
[White "Tazetdinov, Munir"]
[Black "Farkhutdinov, Danil"]
[Result "1-0"]
[WhiteElo "1863"]
[BlackElo "1416"]
[PlyCount "39"]
[EventDate "2017.01.24"]
[EventType "tourn"]
[EventRounds "11"]
[EventCountry "RUS"]
[SourceTitle "EXT 2022"]
[Source "ChessBase"]
[SourceDate "2021.10.06"]
[SourceVersion "1"]
[SourceVersionDate "2021.10.06"]
[SourceQuality "1"]

1. Nf3 d5 2. g3 Nf6 3. Bg2 Bf5 4. c4 e6 5. cxd5 exd5 6. Qb3 b6 7. Nc3 c6 8. d3 Bc5 9. Bf4 Nbd7 10. Rc1 Qe7 11. 0-0 0-0 12. h3 d4 13. g4 Be6 14. Qa4 dxc3 15. bxc3 b5 16. Qc2 Nd5 17. Bd2 N5b6 18. Ng5 Rac8 19. d4 Ba3 20. Qxh7# 1-0

[Event "Tuimazy-ch Men"]
[Site "Tuimazy"]
[Date "2017.02.05"]
[Round "6"]
[White "Zemlyanov, Nikita Anatolievich"]
[Black "Farkhutdinov, Danil"]
[Result "1-0"]
[WhiteElo "2056"]
[BlackElo "1416"]
[PlyCount "95"]
[EventDate "2017.01.24"]
[EventType "tourn"]
[EventRounds "11"]
[EventCountry "RUS"]
[SourceTitle "EXT 2022"]
[Source "ChessBase"]
[SourceDate "2021.10.06"]
[SourceVersion "1"]
[SourceVersionDate "2021.10.06"]
[SourceQuality "1"]

1. b4 e5 2. Bb2 d6 3. e3 Be6 4. c4 Nd7 5. Nf3 Ngf6 6. d4 Bg4 7. h3 Bxf3 8. Qxf3 c6 9. a3 e4 10. Qf4 d5 11. Nc3 Nb6 12. cxd5 Nbxd5 13. Nxd5 cxd5 14. Bb5+ Nd7 15. Qe5+ Be7 16. Qxd5 a6 17. Ba4 b5 18. Bb3 0-0 19. Qxe4 Nf6 20. Qd3 Rc8 21. 0-0 Qb6 22. e4 Rfd8 23. d5 a5 24. e5 Ne8 25. d6 Nxd6 26. exd6 Rxd6 27. Bxf7+ Kh8 28. bxa5 Qxa5 29. Qg3 Bf8 30. Bxg7+ Bxg7 31. Qxd6 Bxa1 32. Rxa1 Qc3 33. Rd1 Kg7 34. Be6 Rc7 35. Qd4+ Qxd4 36. Rxd4 Rc3 37. Rb4 Rxa3 38. Rxb5 Ra1+ 39. Kh2 h6 40. g4 Re1 41. Bf5 Kf6 42. h4 Ra1 43. Rb6+ Kg7 44. Rg6+ Kf7 45. Rxh6 Ra5 46. Kg3 Kg7 47. Rg6+ Kf7 48. h5 1-0

[Event "Tuimazy Cup Tuimazy-B op"]
[Site "Tuimazy"]
[Date "2016.09.24"]
[Round "6"]
[White "Farkhutdinov, Danil"]
[Black "Makhmutov, Azamat"]
[Result "0-1"]
[WhiteElo "1435"]
[BlackElo "1588"]
[PlyCount "72"]
[EventDate "2016.09.17"]
[EventType "swiss"]
[EventRounds "7"]
[EventCountry "RUS"]
[SourceTitle "EXT 2022"]
[Source "ChessBase"]
[SourceDate "2021.10.06"]
[SourceVersion "1"]
[SourceVersionDate "2021.10.06"]
[SourceQuality "1"]

1. e4 c5 2. Nf3 e6 3. d4 cxd4 4. Nxd4 a6 5. Nc3 Bb4 6. Bd2 Nc6 7. Nb3 Nf6 8. Bd3 0-0 9. 0-0 b5 10. a3 Be7 11. Ne2 Bb7 12. Ng3 d5 13. exd5 Nxd5 14. Qg4 Nf6 15. Qh4 Ne5 16. Bg5 Nxd3 17. Rfd1 Qc7 18. Rxd3 Rfd8 19. Rc3 Qd6 20. Qf4 Qd5 21. f3 Bd6 22. Qh4 Be5 23. Rc5 Qd6 24. c3 Bd5 25. Rd1 Qb6 26. Kf1 Bxb3 27. Rxd8+ Rxd8 28. Rxe5 Rd1+ 29. Re1 Rxe1+ 30. Kxe1 Qg1+ 31. Kd2 Qxg2+ 32. Ne2 Bc4 33. Qf4 Qxe2+ 34. Kc1 h6 35. Bxf6 Bb3 36. Qe4 Qd1# 0-1

[Event "Tuimazy-ch U18"]
[Site "Tuimazy"]
[Date "2016.03.12"]
[Round "7"]
[White "Makhmutov, Azamat"]
[Black "Farkhutdinov, Danil"]
[Result "1/2-1/2"]
[WhiteElo "1404"]
[BlackElo "1338"]
[PlyCount "117"]
[EventDate "2016.03.09"]
[EventType "swiss"]
[EventRounds "9"]
[EventCountry "RUS"]
[SourceTitle "EXT 2022"]
[Source "ChessBase"]
[SourceDate "2021.10.06"]
[SourceVersion "1"]
[SourceVersionDate "2021.10.06"]
[SourceQuality "1"]

1. d4 d5 2. c4 e6 3. Nc3 Bb4 4. cxd5 Bxc3+ 5. bxc3 exd5 6. Nf3 Bg4 7. e3 Nc6 8. Be2 Bxf3 9. Bxf3 Nf6 10. Ba3 Ne7 11. Bxe7 Qxe7 12. Qb3 c6 13. Rb1 b6 14. Qa4 Qb7 15. c4 0-0 16. cxd5 Nxd5 17. Bxd5 cxd5 18. 0-0 Rfc8 19. Rfc1 h6 20. h3 Kh7 21. Qb5 g6 22. a4 a6 23. Qb3 Kg7 24. Kh2 Rxc1 25. Rxc1 b5 26. axb5 Qxb5 27. Qxb5 axb5 28. Rc5 Rb8 29. Rxd5 b4 30. Rc5 b3 31. Rc1 b2 32. Rb1 Kf6 33. e4 Ke6 34. Kg3 Rb3+ 35. f3 h5 36. Kf2 f5 37. g4 fxe4 38. fxe4 Rxh3 39. gxh5 gxh5 40. Kg2 Rb3 41. Kf2 h4 42. Kg2 Kd6 43. Kh2 h3 44. Kh1 Ke6 45. Kh2 Kf6 46. Kh1 Kg5 47. d5 Kf4 48. d6 Kg3 49. e5 Rc3 50. Rg1+ Kf2 51. d7 Rc1 52. d8Q Rxg1+ 53. Kh2 b1Q 54. Qd4+ Kf3 55. Qxg1 Qc2+ 56. Kh1 Qe4 57. Kh2 Qxe5+ 58. Kh1 Qe2 59. Qg5 1/2-1/2

[Event "Tuimazy-ch U14"]
[Site "Tuimazy"]
[Date "2016.03.07"]
[Round "14"]
[White "Farkhutdinov, Danil"]
[Black "Evstafyev, Georgy"]
[Result "1-0"]
[WhiteElo "1338"]
[BlackElo "1230"]
[PlyCount "91"]
[EventDate "2016.03.01"]
[EventType "tourn"]
[EventRounds "15"]
[EventCountry "RUS"]
[SourceTitle "EXT 2022"]
[Source "ChessBase"]
[SourceDate "2021.10.06"]
[SourceVersion "1"]
[SourceVersionDate "2021.10.06"]
[SourceQuality "1"]

1. e4 e5 2. Nf3 Nc6 3. Bc4 Bc5 4. d3 d6 5. Be3 Bb6 6. Nc3 Bg4 7. h3 Bh5 8. Nd5 Nge7 9. Nxe7 Nxe7 10. d4 Ng6 11. g4 exd4 12. Bxd4 Bxg4 13. hxg4 Bxd4 14. Qxd4 f6 15. Qd5 Qe7 16. Qxb7 Rd8 17. Qc6+ Kf8 18. Rh5 Nf4 19. Rf5 Ne6 20. Qd5 Nc5 21. Ng5 Rd7 22. Ne6+ Ke8 23. Qa8+ Rd8 24. Nxd8 Qxd8 25. Qxd8+ Kxd8 26. f3 Ke7 27. b4 g6 28. bxc5 gxf5 29. cxd6+ cxd6 30. exf5 h5 31. Be2 hxg4 32. fxg4 Rh1+ 33. Bf1 Rg1 34. Kf2 Rxg4 35. Bd3 Rd4 36. Rb1 Kd8 37. Rb3 Kc7 38. Ra3 Kb7 39. Ra6 Rxd3 40. Rxa7+ Kxa7 41. cxd3 Kb6 42. Ke3 Kc5 43. Ke4 d5+ 44. Ke3 Kd6 45. Kd4 Kc6 46. a4 1-0

[Event "Tuimazy-ch U14"]
[Site "Tuimazy"]
[Date "2016.03.04"]
[Round "8"]
[White "Khakimov, Marat"]
[Black "Farkhutdinov, Danil"]
[Result "0-1"]
[WhiteElo "1470"]
[BlackElo "1338"]
[PlyCount "74"]
[EventDate "2016.03.01"]
[EventType "tourn"]
[EventRounds "15"]
[EventCountry "RUS"]
[SourceTitle "EXT 2022"]
[Source "ChessBase"]
[SourceDate "2021.10.06"]
[SourceVersion "1"]
[SourceVersionDate "2021.10.06"]
[SourceQuality "1"]

1. e4 e6 2. Nc3 Nf6 3. Bc4 d5 4. Be2 dxe4 5. d3 exd3 6. Bxd3 Bb4 7. Nf3 Bxc3+ 8. bxc3 Nc6 9. 0-0 Qd5 10. c4 Qh5 11. Ne5 Nxe5 12. Qxh5 Nxh5 13. Be2 g6 14. Bxh5 gxh5 15. Bf4 Nxc4 16. Bxc7 Rg8 17. Rad1 Bd7 18. h3 e5 19. Rd3 Rc8 20. Rg3 Rxg3 21. fxg3 Rxc7 22. Rb1 Nd2 23. Rd1 Rxc2 24. Re1 Nc4 25. Re4 Bc6 26. Rh4 Rxg2+ 27. Kf1 Nd2+ 28. Ke1 Nf3+ 29. Kf1 Nxh4 30. gxh4 Rxa2 31. Kg1 f5 32. Kf1 f4 33. Kg1 f3 34. Kf1 Bb5+ 35. Kg1 f2+ 36. Kg2 f1Q+ 37. Kg3 Qf4# 0-1

[Event "Tuimazy-ch U14"]
[Site "Tuimazy"]
[Date "2016.03.03"]
[Round "5"]
[White "Farkhutdinov, Danil"]
[Black "Mindiyarov, Rasul"]
[Result "1-0"]
[WhiteElo "1338"]
[BlackElo "1070"]
[PlyCount "97"]
[EventDate "2016.03.01"]
[EventType "tourn"]
[EventRounds "15"]
[EventCountry "RUS"]
[SourceTitle "EXT 2022"]
[Source "ChessBase"]
[SourceDate "2021.10.06"]
[SourceVersion "1"]
[SourceVersionDate "2021.10.06"]
[SourceQuality "1"]

1. e4 e5 2. Nf3 Nc6 3. Bc4 h6 4. Nc3 d6 5. d3 Bg4 6. h3 Bxf3 7. Qxf3 Qf6 8. Qxf6 Nxf6 9. Nb5 Rc8 10. Be3 a6 11. Na7 Nxa7 12. Bxa7 b6 13. Bxa6 Ra8 14. Bb5+ Nd7 15. Bxd7+ Kxd7 16. Bxb6 cxb6 17. 0-0 Rc8 18. Rac1 Be7 19. f4 exf4 20. Rxf4 Bg5 21. Rxf7+ Ke8 22. Rcf1 Rxc2 23. Rxg7 Rxb2 24. Ra7 Rf8 25. Ra8+ Kd7 26. Rfxf8 Bh4 27. Rf3 Ke6 28. d4 d5 29. e5 b5 30. Rb3 Rd2 31. Rxb5 Bg3 32. Rb6+ Kf5 33. Rf6+ Ke4 34. e6 Bh4 35. Rxh6 Bg3 36. Rf8 Bd6 37. Rh4+ Ke3 38. Rf3+ Ke2 39. Rf2+ Ke3 40. Rxd2 Kxd2 41. Rh5 Bf4 42. e7 Be3+ 43. Kh1 Bxd4 44. e8Q Kd3 45. Qb5+ Ke3 46. Rxd5 Ba7 47. Qd3+ Kf2 48. Rf5+ Ke1 49. Rf1# 1-0